000 00562pab a2200193 454500
008 180718b2013 xxu||||| |||| 00| 0 eng d
100 _aJhomas, Michael D.
245 _aRational irrationality and political process of repeal: The women's organization for national & prohibition reform and the 21st amendment
260 _c2013
300 _ap.130-152.
362 _aFeb
650 _aProhibition
650 _aWomens organizations
700 _aSnow, Nicholas A.
700 _aJhomas, Diana W.
773 _aKyklos
908 _aN
909 _a101073
999 _c101072
_d101072